| 000 | 01132nam a22002535b 4500 | ||
|---|---|---|---|
| 001 | Mimo0000422936 | ||
| 003 | OSt | ||
| 005 | 20140325103613.0 | ||
| 008 | 941117s1994 sp | ||| ||spa | ||
| 020 | _a84-7100-644-2 (obra completa) | ||
| 040 | _cBMC | ||
| 082 | _a980.010203 | ||
| 245 | 1 |
_aColección documental del descubrimiento _b: (1470-1506) _cJuan Pérez de Tudela (director de la edición) ... [et al.] |
|
| 260 | 0 |
_a[Madrid] _bFundación MAPFRE América _c1994 |
|
| 300 |
_a3 v. (2225 p.) _c26 cm |
||
| 500 | _aÍndices | ||
| 504 | _aBibliografía: v. 3, p. [2127]-2147 | ||
| 505 | 0 | _aContiene: t. I. 22 de septiembre de 1470-12 de junio de 1494 - t. II. 21 de junio de 1494-12 de diciembre de 1501 - t. III. 12 de diciembre de 1501-4 de junio de 1506 y Addenda | |
| 594 | _1En la port.: Real Academia de la Historia, Consejo Superior de Investigaciones Científicas | ||
| 651 | 2 | 4 |
_aAmérica española _xHistoria _y1492-1600 (Descubrimiento y conquista) _vFuentes _916137 |
| 700 | 1 |
_aPérez de Tudela y Bueso, Juan _d1922-2004 _93521 |
|
| 710 | 2 |
_916135 _aReal Academia de la Historia (España) |
|
| 942 |
_2ddc _cBK |
||
| 999 |
_c8428 _d8428 |
||